000
00479nam a2200169Ia 4500
008
090711s9999 xx 000 0 und d
082
_b
28311
100
_a
केळकर इंदुमती
245
_a
प्रतिशोध
260
_c
1973
300
_a
156
600
_a
केळकर इंदुमती
630
_a
प्रतिशोध
700
_a
केळकर इंदुमती
730
_a
प्रतिशोध
942
_c
BOOK
999
_c
298893
_d
298893